000 00575nam a2200205Ia 4500
005 20250508160207.0
008 008 250505s9999 xx 000 0 eng d
037 _aBooks to be hide in OPAC
040 _aFEDL
_beng
_cFEDL
041 _aeng
_2eng
084 _qFEDL
100 _aManny Frank A
_9768089
245 0 _aCity training schools for teachers
245 0 _cUnited States Bureau of Education
260 _aWashington, USA
_bU.S. Government Printing Office
_c1915
300 _a165p.
546 _aWeeded out
942 _cHB
999 _c1362560
_d1362560